000 00838cam a2200241 i 4500
001 63965
005 20180714070621.0
008 160219s1971 mx f r 000 0 spa d
040 _aMX-PuUPA
_bspa
_erda
_cMx-PuUPA
_dMx-PuUPA
041 0 _aspa
082 0 _a641.597248
_bCEN
110 2 _aCentro Benéfico de Mayorazgo (Puebla, Mexico),
_efundación
245 1 0 _aPuebla y su cocina.
250 _aCuarta edición
264 1 _aPuebla, Pue. :
_bCentro Beneficio de Mayorazgo,
_c1971
300 _axxiv, 357 páginas, 11 hojas de lámina sin numeración (principalmente color) :
_bilustraciones, láminas ;
_c24 cm.
336 _atexto
_2rdacontent
337 _asin mediación
_2rdamedia
338 _avolumen
_2rdacarrier
650 4 _aCocina Puebla
650 4 _aCocina mexicana
651 4 _aPuebla
_xRecetarios
999 _c63965
_d63965